000 00768nac a22002417a 4500
001 BR9512165
003 BR-BrBNA
005 20240105121708.0
008 230509b bl.|||m| |||| 00| 0 por d
040 _aBR-BrBNA
_bpor
_cBiblioteca Nacional de Agricultura
072 _aE72
090 _a7110 BR9512165
110 1 _aConfederacao Brasileira de Apicultura, Florianopolis, SC (Brasil)
_92513
245 1 _aBoletim tecnico e informativo
260 3 _aFlorianopolis, SC (Brasil):
_c1983.
300 _a12 p.
490 _aBoletim Tecnico Informativo - Confederacao Brasileira de Apicultura (Brazil)
_vno. 6
_x
650 _aAbelha
650 _aCriacao
650 _aComercializacao
909 _a202312
_bLúcia Elande
_c55
_dLúcia Elande
942 _2AGRIS
_n0
_cMS
999 _c286864
_d286864